MDQL
is popping MORE tags! Check the
thread
!
Quizzes
Events
Quiz Creation
Community
Videos
Private Events
Remove Ads
Sign In
Join for FREE
Feedback
Dark Mode
Quiz Categories
Sports
Geography
Music
Movies
Television
Just For Fun
Miscellaneous
History
Literature
Language
Science
Gaming
Entertainment
Religion
Holiday
For Kids
Quiz Lab
Recent
Popular Today
Quiz Kudos Today
Editor Picks
Curator Picks
Quizzes by...
Day
Popularity
Type
Ratings
Length
Year
Community
Subscriptions
Recent Discussions
Orange Saloon
Badges
Playlists
Quests
Create
Leaderboards
Showdown
Live 5
Trivia Bingo
Activity
Puzzle Library
Sporcle Events
Private Events
Virtual Trivia
Globe League
Become a Host
Pub Owners
SporcleCon
Opinionation
Our Games
Videos
Blog
Mobile Apps
Partnerships
Remove Ads and Go Orange
Feedback
Music
Pop Music
The Beatles
Song
Album
Lyrics
Bands
Singers
Artist
Clip
Rock
Rap
Classical
Billboard
Country Music
Kpop
Taylor Swift
Music
Pop Music
The Beatles
Song
Album
Lyrics
Bands
Singers
Artist
Clip
Rock
Rap
Classical
Billboard
Country Music
Kpop
Taylor Swift
Random Quiz
Search Sporcle
×
Quiz Lab
Quiz Lab
Music
Kpop
Type in answers that appear in a list
Type in answers that appear in a list
Classic
Best Score? Go Orange.
100 Kpop song relay Stats
100 Kpop song relay (Answer for no.1 is A lie)
By
lavender_5123
15m
100 Questions
1,641 Plays
1,641 Plays
1,641 Plays
Comments
Comments
Give Quiz Kudos
Give Quiz Kudos
-
- Ratings
hide this ad
More Info
Forced Order
Answers have to be entered in order
Answers have to be entered in order
Replay
Link that replays current quiz
Next Quiz
Link to next quiz in quiz playlist
You Got
0%
They Got
Avg Score
30%
Avg Friend Score
Upgrade to see
Score Distribution
Jump to the score distribution portion of the page
Score
0/100
Timer
15:00
0
Plays Today
Groups/Singer
Song title
% Correct
B1A4
A lie
78.9%
BTS
No more dream
67.5%
Gfriend
Navillera
65.3%
Taeyeon
Rain
61.5%
Red Velvet
Russian roulette
60.6%
K.A.R.D
Oh Nana
60%
VIXX
Error
59.4%
BTS
N.O
57.2%
SNSD
Lion heart
53.6%
BTS
Run
52.3%
Winner
Empty
52%
EXID
Ah yeah
48.4%
GOT7
Girls girls girls
46.4%
Hyuna
Red
46.1%
f(x)
Electric shock
45.4%
Uniq
Eoeo
45%
EXID
Up and down
44.5%
Lovelyz
Hi
44.3%
Suzy & Baekhyun
Dream
42.1%
Monsta X
Trespass
41.6%
Super Junior
Mamacita
41.3%
Taeyang
Ringa linga
40.8%
BTS
Young forever
39.1%
Apink
No no no
39.1%
Gfriend
Rough
39%
SNSD
Mr.mr
38.8%
Madtown
Yolo
38.3%
B.A.P
Young wild & free
37.6%
Block B
A few years later
36%
Apink
Only one
36%
Mamamoo
You're the best
36%
2NE1
Come back home
35.5%
Super Junior
Devil
35.2%
VIXX
Eternity
34.6%
Groups/Singer
Song title
% Correct
Hyuna
Roll deep
33.9%
Topp Dogg
Annie
33.1%
2NE1 & Bigbang
Lollipop
33%
SHINee
Ring ding dong
32.8%
Beast
Ribbon
32.8%
Seventeen
Adore u
32.7%
SNSD
Party
32.7%
Block B
Her
32.5%
Zico
I am you, you are me
32.3%
VIXX
On and on
31.5%
Seventeen
Pretty U
31.4%
Taeyang
Eyes nose lips
31.2%
SHINee
Everybody
30.2%
f(x)
Rum pum pum pum
30.1%
Bigbang
Last dance
30.1%
Infinite
Man in love
29.9%
Girl's day
Expectation
29.9%
Bigbang
Loser
29.3%
Lovelyz
Ah choo
28.2%
Mamamoo
Decalcomanie
27.7%
SNSD
You think
27.7%
TTS
Holler
27.5%
AOA
Elvis
27.5%
G-
dragon
One of a kind
27.4%
Bigbang
Sober
26.1%
Apink
Remember
25.6%
SNSD
Oh!
24.9%
Infinite
Destiny
24.9%
Seventeen
Shining diamond
23.9%
Super Junior D&E
Oppa oppa
22.3%
Monsta X (feat Wheein)
Ex girl
22.1%
Oh my girl
A-ing
22.1%
Bigbang
Tonight
21.8%
Bigbang
Girlfriend
21.6%
Groups/Singer
Song title
% Correct
Infinite
The chaser
21.4%
SHINee
Lucifer
21%
B1A4
Lonely
20.9%
Beast
Good luck
20.8%
2NE1
Missing you
20.5%
Super Junior
No other
20%
B1A4
Solo day
18.6%
CNblue
You're so fine
18.3%
Zhoumi
Rewind
18.2%
Girl's day
Ring my bell
18%
Block B
Nillili mambo
17.9%
B.A.P
Kingdom
17.5%
EXID
Every night
17.1%
Sunggyu
Kontrol
17.1%
Mamamoo
Um oh ah yeh
16.9%
B1A4
Sweet girl
16.9%
Oh my girl
Liar liar
16%
CLC
High heels
15.5%
Brown eyed girls
Kill bill
14.8%
April
Tinkerbell
14.1%
AKMU
Last goodbye
14.1%
Apink
U you
12.2%
BoA
Energetic
12.2%
SNSD
Echo
11.7%
Super Junior
Don't don
11.2%
B.A.P
Unbreakable
9.8%
DIA
Somehow
8.8%
Fiestar
You're pitiful
8.7%
Block B
Nanrina
6.6%
B.A.P
Where are you, what are you doing
6.3%
Lovelyz
Shooting star
4.7%
Up10tion
Oasis
4.4%
Quiz Playlist
Details
Report
Send in Message
Add To Playlist
More Info:
Relay the last letter of the previous song to the next song. Exp: 1. Fighter 2. Rum pum pum pum .
Classic:
Type in answers that appear in a list
Forced Order:
Answers have to be entered in order
Last Updated: Nov 28, 2018
Quiz Scoreboard
CHALLENGE
Sign Up to Join the Scoreboard
Show All
Scores
Hide
Comments
May contain spoilers
Recently Published
Colored Red Africa Blitz
by spor1
Geography
30s
Find the 'City' Movie
by crazypaving
Movies
60s
5x2 Blitz: Bands
by SL_Kpop136
Music
30s
More to Explore
Quiz From the Vault
Featured Blog Post
14 Easter Pick-up Lines to Find Eggs With
hide this ad
You Might Also Like...
Tags
Kpop Quiz
Song Quiz
Kpop Quiz
Today's Top Quizzes in Music
Browse Music
hide this ad
Today's Top Quizzes in Kpop
Browse Kpop
Top Contributed Quizzes in Music
1
5X2 Blitz: Bands II
2
5X2 Blitz: The Beatles
3
Taylor Swift All Songs (2024)
4
5X2 Blitz: Billboard
5
Taylor Swift Logic Puzzle II
6
5X2 Blitz: Billboard II
7
5X2 Blitz: Singers
8
5X2 Blitz: Album
9
5X2 Blitz: Rock
10
5X2 Blitz: Lyrics
Explore More
Trending Topics
Crossword
Disney
Harry Potter
Anime
Marvel
NBA
Kpop
Pokémon
Country
NFL
Puzzle
Soccer
WWE
Song
The Office
hide this ad
More By:
lavender_5123
Quiz
Plays
Rating
Category
Featured
Created
Seventeen Yes or No
3,395
5.00
Music
May 17, 2018
Guess BTS song
2,871
Music
Mar 29, 2016
Seventeen quiz
2,665
3.00
Music
Jun 3, 2016
Kpop idols' name relay
2,541
4.13
Music
May 26, 2017
Guess the kpop leaders
2,486
3.57
Music
Jun 2, 2017
Go to Creator's Profile
Score Distribution
Quiz Creator Spotlight
lavender_5123
Follow
Send a Message
Quizzes Created
-
Created Quiz Play Count
-
More By This Creator
Popular Quizzes Today
1
Colored Red Africa Blitz
2
Find the 'City' Movie
3
5x2 Blitz: Bands
4
Find the US States - No Outlines Minefield
5
The Countries of the World
6
Find the US States
7
US States
8
Find the Countries of Europe - No Outlines Minefield
More Music Quizzes
When They Were Young (Musicians) II
Published
Trending Quizzes
Colored Red Europe Blitz I
Colored Red Europe Blitz II
Colored Red Africa Blitz II
Colored Red Europe Blitz III
Colored Red Africa Blitz III
Recently Updated
How Do You Spell That?
pecheneg
Godzilla Movies
pecheneg
Grab Bag: 4-10 Letters
pecheneg
2024 March Madness Bracket
pecheneg
Famous TV Couples
Peacemaker
Champions League XIs: Real Madrid
pecheneg
Largest US Cities 1790-2010
pecheneg
Rides in Walt Disney World
pecheneg
Most Oscar Losses (Acting)
pecheneg
Beyoncé Albums
pecheneg
Trending Topics
NBA
Crossword
Marvel
Kpop
Harry Potter
Disney
Anime
The Office
Soccer
Song
NFL
Puzzle
Pokémon
Country
WWE
Your Account Isn't Verified!
In order to create a playlist on Sporcle, you need to verify the email address you used during registration. Go to your
Sporcle Settings
to finish the process.
Report this User
Report this user for behavior that violates our
Community Guidelines
.
Details:
Send Report
Go to the Sporcle.com Mobile Site →
Comments